Central Library OPAC University of Rajshahi

Transistor physics and circuits / (Record no. 68009)

MARC details
000 -LEADER
fixed length control field 00750nam a2200241 a 4500
001 - CONTROL NUMBER
control field 68009
003 - CONTROL NUMBER IDENTIFIER
rucl marc code BD-RjUL
005 - DATE AND TIME OF LATEST TRANSACTION
control field 20211209081724.0
008 - FIXED-LENGTH DATA ELEMENTS--GENERAL INFORMATION
fixed length control field 170329m19631958enka 001 0 eng d
035 ## - SYSTEM CONTROL NUMBER
System control number (BD-RjUL)68218
040 ## - CATALOGING SOURCE
Original cataloging agency DLC
Transcribing agency OSW
Modifying agency BD-RjUL
Language of cataloging eng
041 ## - LANGUAGE CODE
Language code of text/sound track or separate title eng
082 ## - DEWEY DECIMAL CLASSIFICATION NUMBER
Edition number 23
Classification number 621.381528
Author mark and year RIT 1963
100 1# - MAIN ENTRY--PERSONAL NAME
Personal name Riddle, Robert L.
9 (RLIN) 201580
245 10 - TITLE STATEMENT
Title Transistor physics and circuits /
Statement of responsibility, etc. Robert L. Riddle ; Marlin P. Ristenbatt
260 ## - PUBLICATION, DISTRIBUTION, ETC. (IMPRINT)
Place of publication, distribution, etc. Englewood Cliffs, N.J. :
Name of publisher, distributor, etc. Prentice-Hall,
Date of publication, distribution, etc. 1958 [Printing 1963].
300 ## - PHYSICAL DESCRIPTION
Pagination xvii, 428 p. :
Illustrations ill. ;
Size 24 cm.
500 ## - GENERAL NOTE
General note Include Index.
650 #0 - SUBJECT ADDED ENTRY--TOPICAL TERM
Topical term or geographic name as entry element Transistors and thyristors
9 (RLIN) 201581
700 1# - ADDED ENTRY--PERSONAL NAME
Personal name Ristenbatt, Marlin P.
942 ## - ADDED ENTRY ELEMENTS (KOHA)
Source of classification or shelving scheme Dewey Decimal Classification
Koha item type Books
Holdings
Lost status Source of classification or shelving scheme Damaged status Not for loan Collection code Permanent Location Current Location Shelving location Date acquired Source of acquisition Cost, normal purchase price Total Checkouts Full call number Date last seen Copy number Koha item type
  Dewey Decimal Classification   Not For Loan Non-fiction Central Library, University of Rajshahi Central Library, University of Rajshahi Reading Room 09/12/2021 Zeithenger 72.00   621.381528 RIT 1963 29/03/2017 C-1 Books